000 00449nam a2200109Ia 4500
008 160909s9999 xx 000 0 und d
100 _aMeza, Luis Adolfo.
245 2 _aA mindfulness-based burnout prevention program for elementary school social workers and colleagues to promote resiliency: A grant proposal
260 _bCalifornia State University
_c2016
650 _aEDUC/SPED
856 _uhttp://pqdtopen.proquest.com/doc/1780636689.html?FMT=ABS
999 _c305064
_d305064